<?xml version="1.0" encoding="UTF-8"?>
<record
    xmlns:xsi="http://www.w3.org/2001/XMLSchema-instance"
    xsi:schemaLocation="http://www.loc.gov/MARC21/slim http://www.loc.gov/standards/marcxml/schema/MARC21slim.xsd"
    xmlns="http://www.loc.gov/MARC21/slim">

  <leader>01547nam a2200217 a 4500</leader>
  <controlfield tag="001">000000232</controlfield>
  <controlfield tag="005">20200929145319.0</controlfield>
  <controlfield tag="008">081124s1984    dr a          001 0 spa d</controlfield>
  <datafield tag="040" ind1=" " ind2=" ">
    <subfield code="a">DO-SdBNP</subfield>
    <subfield code="b">spa</subfield>
    <subfield code="c">BNPHU</subfield>
  </datafield>
  <datafield tag="082" ind1=" " ind2=" ">
    <subfield code="a">174.2</subfield>
    <subfield code="b">M385e</subfield>
  </datafield>
  <datafield tag="100" ind1="1" ind2=" ">
    <subfield code="a">Mart&#xED;nez, V. Alonso</subfield>
    <subfield code="9">763</subfield>
  </datafield>
  <datafield tag="245" ind1="1" ind2="0">
    <subfield code="a">&#xC9;tica profesional para m&#xE9;dicos y psic&#xF3;logos /</subfield>
    <subfield code="c">V. Alonso Mart&#xED;nez ; portada Rachel Morales.</subfield>
  </datafield>
  <datafield tag="260" ind1=" " ind2=" ">
    <subfield code="a">Santo Domingo :</subfield>
    <subfield code="b">Alfa &amp; Omega,</subfield>
    <subfield code="c">1984.</subfield>
  </datafield>
  <datafield tag="300" ind1=" " ind2=" ">
    <subfield code="a">105 p. :</subfield>
    <subfield code="b">il. ;</subfield>
    <subfield code="c">21 cm.</subfield>
  </datafield>
  <datafield tag="505" ind1="0" ind2=" ">
    <subfield code="t">Dedicatoria --</subfield>
    <subfield code="t">Introducci&#xF3;n--</subfield>
    <subfield code="t">Sistema nervioso --</subfield>
    <subfield code="t">Gl&#xE1;ndulas end&#xF3;crinas --</subfield>
    <subfield code="t">Definici&#xF3;n y divisi&#xF3;n de &#xE9;tica --</subfield>
    <subfield code="t">Problemas morales de la medicina --</subfield>
    <subfield code="t">Aborto --</subfield>
    <subfield code="t">Pr&#xE1;cticas de laboratorio de seres humanos --</subfield>
    <subfield code="t">Bibliograf&#xED;a sobre el aborto --</subfield>
    <subfield code="t">Anagrama -- El secreto profesional m&#xE9;dico --</subfield>
    <subfield code="t">Teor&#xED;a de la ley natural de la moralidad --</subfield>
    <subfield code="t">Honorarios profesional --</subfield>
    <subfield code="t">Dicotom&#xED;a --</subfield>
    <subfield code="t">Incompetencia profesional --</subfield>
    <subfield code="t">Psiquiatras y psic&#xF3;logos --</subfield>
    <subfield code="t">&#xC9;tica y religi&#xF3;n --</subfield>
    <subfield code="t">Ep&#xED;logo &#xBF;Es posible y humana la contindencia? --</subfield>
    <subfield code="t">Masturbaci&#xF3;n, prostituci&#xF3;n, amor libre --</subfield>
    <subfield code="t">Aparato genital masculino --</subfield>
    <subfield code="t">Organos sexuales secundarios --</subfield>
    <subfield code="t">La ley natural: "creced y multiplicaos" --</subfield>
    <subfield code="t">Amor libre etc. --</subfield>
    <subfield code="t">&#xBF;Se atrofian &#xF3;rganos secundarios? --</subfield>
    <subfield code="t">Enfermedades mentales, impotencia etc. --</subfield>
    <subfield code="t">La incontinencia, s&#xED; produce enfermedades La s&#xED;filis, etc.</subfield>
  </datafield>
  <datafield tag="590" ind1=" " ind2=" ">
    <subfield code="a">Inventariado, 2018/MFF</subfield>
  </datafield>
  <datafield tag="650" ind1=" " ind2="4">
    <subfield code="a">M&#xE9;dicos</subfield>
    <subfield code="x">&#xC9;tica profesional</subfield>
    <subfield code="9">764</subfield>
  </datafield>
  <datafield tag="650" ind1=" " ind2="4">
    <subfield code="a">Psic&#xF3;logos</subfield>
    <subfield code="x">&#xC9;tica profesional</subfield>
    <subfield code="9">616</subfield>
  </datafield>
  <datafield tag="700" ind1="1" ind2=" ">
    <subfield code="a">Morales, Rachel</subfield>
    <subfield code="9">765</subfield>
  </datafield>
  <datafield tag="910" ind1=" " ind2=" ">
    <subfield code="a">Validado. Control de calidad MFF</subfield>
  </datafield>
  <datafield tag="952" ind1=" " ind2=" ">
    <subfield code="0">0</subfield>
    <subfield code="1">1</subfield>
    <subfield code="5">2</subfield>
    <subfield code="7">5</subfield>
    <subfield code="8">DS</subfield>
    <subfield code="a">BNPHU</subfield>
    <subfield code="b">BNPHU</subfield>
    <subfield code="c">MI</subfield>
    <subfield code="d">2009-07-22</subfield>
    <subfield code="i">LF1</subfield>
    <subfield code="l">0</subfield>
    <subfield code="o">174.2 M385e</subfield>
    <subfield code="p">232-30</subfield>
    <subfield code="r">2020-06-25</subfield>
    <subfield code="t">e. 3</subfield>
    <subfield code="w">2020-06-25</subfield>
    <subfield code="y">LF1</subfield>
    <subfield code="Z">Pr&#xE9;stamo interno</subfield>
  </datafield>
  <datafield tag="952" ind1=" " ind2=" ">
    <subfield code="0">0</subfield>
    <subfield code="1">1</subfield>
    <subfield code="7">1</subfield>
    <subfield code="8">PD</subfield>
    <subfield code="a">BNPHU</subfield>
    <subfield code="b">BNPHU</subfield>
    <subfield code="c">MI</subfield>
    <subfield code="d">2009-07-22</subfield>
    <subfield code="i">LF1</subfield>
    <subfield code="l">0</subfield>
    <subfield code="o">174.2 M385e</subfield>
    <subfield code="p">232-20</subfield>
    <subfield code="r">2020-06-25</subfield>
    <subfield code="t">e. 2</subfield>
    <subfield code="w">2020-06-25</subfield>
    <subfield code="y">1</subfield>
    <subfield code="Z">No se presta</subfield>
  </datafield>
  <datafield tag="952" ind1=" " ind2=" ">
    <subfield code="0">0</subfield>
    <subfield code="1">0</subfield>
    <subfield code="7">1</subfield>
    <subfield code="8">PD</subfield>
    <subfield code="a">BNPHU</subfield>
    <subfield code="b">BNPHU</subfield>
    <subfield code="c">HD</subfield>
    <subfield code="d">2009-06-23</subfield>
    <subfield code="e">038400</subfield>
    <subfield code="i">LF1</subfield>
    <subfield code="l">0</subfield>
    <subfield code="o">174.2 M385e</subfield>
    <subfield code="p">232-10</subfield>
    <subfield code="r">2020-06-25</subfield>
    <subfield code="w">2020-06-25</subfield>
    <subfield code="y">1</subfield>
    <subfield code="Z">No se presta</subfield>
  </datafield>
  <datafield tag="999" ind1=" " ind2=" ">
    <subfield code="c">232</subfield>
    <subfield code="d">232</subfield>
  </datafield>
</record>
